| 000 | 00977cam a2200217 4500 | ||
|---|---|---|---|
| 001 | WB3916-13 | ||
| 008 | 030430n2003 000 0 eng u | ||
| 035 | _a(Sirsi) u122156 | ||
| 245 | _aFigures show fall in rents | ||
| 260 | _c2003 | ||
| 490 |
_aFarmers' Weekly _v138(17) 25 April 2003, 20(1) |
||
| 520 | _aNew government figures show short term rents slumped by over 20% in 2002 but reductions in farm business and traditional tenancy rates were marginal. The average rent for seasonal lets of less than one year was £102/ha compared with £130/ha in 2001. Foot and mouth was blamed for the fall especially in areas worse affected by the disease. For the Annual Survey of Tenanted Land: http://www.defra.gov.uk/esg/Work_htm/notices/astl.pdf | ||
| 590 | _aWB | ||
| 650 | _aSHORT-TERM RENTS | ||
| 650 | _aFARM BUSINESS | ||
| 650 | _aFARMING AGENTS | ||
| 650 | _aFARM INCOMES | ||
| 650 | _aTENANTED LAND | ||
| 690 | _aRURAL-AGRICULTURE AND FORESTRY | ||
| 942 | _n0 | ||
| 999 |
_c72598 _d72598 |
||